000 00466nam a22001817a 4500
005 20251108173235.0
008 250721s1994 xx 000 0 ara d
082 1 4 _a220/كتا
245 1 0 _aالكتاب المقدس : كتاب الحياة /
250 _a5
264 _bالمؤلف،
_c1994.
300 _a395ص
650 1 7 _aالمسيحية
650 1 7 _aالكتاب المقدس
650 1 7 _aالأناجيل
942 _2ddc
_cBK
999 _c99330
_d99330